Teogonía e historia de los mexicanos : tres opúsculos del siglo XVI /

Garibay reunió en este volumen tres trabajos del siglo XVI que guardan gran relevancia para el conocimiento de la historia y cultura de los de los pueblos prehispánicos, en especial la cosmogonía de los de lengua nahua. El erudito mexiquense conjeturó que los franciscanos Andrés de Olmos y Macos de...

ver descrição completa

Na minha lista:
Detalhes bibliográficos
Autor principal: Garibay K., Angel María (edición)
Formato: Livro
Idioma:espanhol
Publicado em: México : Porrúa, 1965, c1965
Colecção:(Sepan Cuántos ; 37)
Assuntos:
Tags: Adicionar Tag
Sem tags, seja o primeiro a adicionar uma tag!

MARC

LEADER 00000nam^a2200000^a^4500
001 000127578
005 20250521000000.0
009 20260310094805.988
037 |a Acervo ITESO - Biblioteca 
041 |a ESP 
082 |a 082.  |b POR V. 37 
100 |a Garibay K., Angel María  |e (edición) 
245 1 0 |a Teogonía e historia de los mexicanos :  |b tres opúsculos del siglo XVI /  |c Ed. e introd. de A.M. Garibay K. 
264 4 |a México :  |b Porrúa,  |c 1965, c1965 
300 |a 159 p. :  |b tapa blanda 
336 |a texto  |b txt  |2 rdacontenido 
337 |a sin mediación  |b n  |2 rdamedio 
338 |a volumen  |b nc  |2 rdasoporte 
440 1 |a (Sepan Cuántos ;  |v 37) 
520 |a Garibay reunió en este volumen tres trabajos del siglo XVI que guardan gran relevancia para el conocimiento de la historia y cultura de los de los pueblos prehispánicos, en especial la cosmogonía de los de lengua nahua. El erudito mexiquense conjeturó que los franciscanos Andrés de Olmos y Macos de Niza pudieran ser los autores respectivos de las primeras dos partes y acredita, con mayor certeza, el tercer trabajo al sacerdote indígena Pedro Ponce de León. 
545 0 |a Angel María Garibay Kintana (Toluca, 1892 – Ciudad de México, 1967), humanista mexicano, entre cuyas facetas figuran las de filólogo, historiador y sacerdote. Inició en sus años de estudiante su dedicación incesante a la investigacion y análisis tanto del mundo indígena como de las culturas de la Antigüedad clásica. En el ejercicio de distintos cargos religiosos, el padre Garibay tuvo como preocupación permanente el mejoramiento de las condiciones de vida de los grupos indígenas residentes en las jurisdicciones a su cargo, al tiempo que dirigía el Seminario de Cultura Náhuatl en la UNAM, creaba paulatinamente toda una escuela en la investigación de los textos en lengua nahua y sacaba a la luz alguno de sus estudios sobre la literatura prehispánica: La poesía lírica azteca (1937), Llave del náhuatl (1940), Poesía indígena de la altiplanicie (1940), Epica náhuatl (1952), Historia de la literatura náhuatl (1953-1954), Veinte himnos sacros de los nahuas (1958), Panorama literario de los pueblos nahuas (1963) o Poesía náhuatl (1964-1965). En el ámbito de los estudios clásicos, el filólogo fue el primero en abarcar y poner en español la totalidad de las tragedias y comedias de Esquilo, Sófocles, Eurípides y Aristófanes. También preparó ediciones de obras clásicas de la historia de México y dedicó una parte de sus trabajos a temas bíblicos y de la cultura hebraica. Fue reconocido con el Premio Nacional de Ciencias y Artes, categoría Lingüística y Literatura (1965) por su incesante e invaluable actividad intelectual. 
586 |a Premio Nacional de Ciencias y Artes, categoría Lingüística y Literatura (16°: 1965) 
649 |a XX 
650 |a Nahuas -  |x Historia -  |y Epoca Prehispánica -  |x Tema Principal 
650 |a Indígenas de México -  |x Historia -  |y Epoca Prehispánica 
650 |a Mitología Azteca 
650 |a Poesía Nahua 
650 |a Literatura Nahua 
650 |a Literatura Indígena -  |z México 
650 |a Literatura Religiosa -  |z México 
650 |a Literatura Mexicana -  |y Epoca Prehispánica 
650 |a Teogonía -  |z México -  |x Historia -  |y Epoca Prehispánica 
650 |a Cosmogonía -  |z México -  |x Historia -  |y Epoca Prehispánica 
650 |a Religión -  |z México -  |x Historia -  |y Epoca Prehispánica 
650 |a México -  |x Historia -  |y Epoca Prehispánica -  |x Tema Principal 
910 |a Fondo Salvador Reynoso Reynoso 
920 |a Impresos - Libros 
930 |a Fondos Especiales 
940 |a Literatura 
905 |a 112 
901 |a 0800009475  |b IT2  |c ESP  |u 20250521 
902 |a https://opac.biblio.iteso.mx/vufind/Record/000127578